000 00605nam a22001937a 4500
005 20251108172558.0
008 250721s9999 xx 000 0 eng d
082 1 4 _a503BORR
100 1 _aAl-Borai, Mahmoud
245 1 0 _aDictionary Of Scientific Terms: English - Arabic /
246 1 1 _aمعجم المصطلحات العلمية : إنجليزي - عربي
264 1 _aCairo :
_bAnglo - Egyptian Library,
300 _a741p
650 1 7 _aScientific Dictionaries
700 1 _aAl-Borai, Hani
_eJoint author
700 1 _aMahmoud, Abed Al-Ziz
_eJoint author
942 _2ddc
_cBK
999 _c83065
_d83065